[Event "Artek olJ"]
[Site "Artek"]
[Date "1999.09.15"]
[Round "5"]
[White "Zubov, Alexander"]
[Black "Ignatiev, Alexander"]
[Result "1-0"]
[WhiteElo "2479"]
[BlackElo "2330"]

1.Nf3 d5 2.c4 c6 3.e3 Nf6 4.Nc3 g6 5.Be2 Bg7 6.O-O O-O 7.d4 Bg4 8.b3 Nbd7
9.h3 Bxf3 10.Bxf3 e6 11.Ba3 Re8 12.Bd6 e5 13.cxd5 e4 14.Be2 Nb6 15.Bh2 Nfxd5
16.Nxd5 Nxd5 17.Rc1 Bf8 18.a4 Bb4 19.Bc4 Nc3 20.Qg4 a6 21.f4 Nd5 22.Qe2 f5
23.Bxd5+ Qxd5 24.Rc4 b5 25.axb5 cxb5 26.Rxb4 Rec8 27.g4 Rab8 28.Ra1 Rc6 29.Bg3 Rbc8
30.Ra2 Rc1+ 31.Kh2 R8c6 32.gxf5 gxf5 33.Bh4 Kg7 34.Be7 h6 35.Bc5 Rg6 36.Qf2 Kh7
37.Qh4 Qg8 38.Qe7+ Rg7 39.Rg2  1-0

[Event "CRO-chT"]
[Site "Pula"]
[Date "1999.09.15"]
[Round "6"]
[White "Tkachiev, Vladislav"]
[Black "Bukal, Vladimir Jr"]
[Result "1-0"]
[WhiteElo "2648"]
[BlackElo "2390"]

1.Nf3 d5 2.c4 d4 3.g3 Nc6 4.Bg2 e5 5.d3 Nf6 6.O-O a5 7.Na3 Be7 8.Nc2 Nd7
9.e3 dxe3 10.Bxe3 O-O 11.d4 exd4 12.Ncxd4 Nxd4 13.Nxd4 Ne5 14.Rc1 c6 15.h3 Re8
16.Qc2 Bd7 17.c5 Qc8 18.f4 Ng6 19.f5 Ne5 20.Bf4 Bf6 21.Rcd1 a4 22.g4 h6 23.Rfe1 Re7
24.Re4 Qf8 25.Ne2 Be8 26.Ng3 g6 27.Rde1 Nd7 28.Bd6 Rxe4 29.Rxe4 Qg7 30.Qe2 Bh4
31.Kh2 Nxc5 32.Rxe8+ Rxe8 33.Qxe8+ Kh7 34.b4 axb3 35.axb3 Nxb3 36.Nh5 Qg8  1-0

[Event "Artek olJ"]
[Site "Artek"]
[Date "1999.09.19"]
[Round "8"]
[White "Blasko, Istvan"]
[Black "Tomczak, Rafal"]
[Result "0-1"]
[WhiteElo "2221"]
[BlackElo "2167"]

1.Nf3 d5 2.c4 dxc4 3.Qa4+ c6 4.Qxc4 Bf5 5.g3 Nf6 6.Bg2 h6 7.O-O e6 8.d3 Be7
9.Nc3 Nbd7 10.Qb3 Nc5 11.Qc2 O-O 12.Be3 Bh7 13.Rfd1 Na6 14.Rac1 Nb4 15.Qb3 Qc8
16.a3 Nbd5 17.Nxd5 Nxd5 18.Bc5 Bxc5 19.Rxc5 Rd8 20.Rdc1 Qc7 21.R5c2 Qb6 22.Qa4 Nf6
23.Nd2 h5 24.h3 Nd5 25.Qh4 Bg6 26.Nc4 Qc7 27.Be4 f5 28.Bxd5 exd5 29.Ne3 Qe5
30.Qf4 Re8 31.Qxe5 Rxe5 32.Ng2 Bf7 33.h4 d4 34.Nf4 g6 35.Rc5 Rxc5 36.Rxc5 a5
37.e3 dxe3 38.fxe3 a4 39.Kf2 Ra6 40.d4 Rb6 41.Nd3 Rb3 42.Rc3 Rxc3 43.bxc3 Bd5
44.Ne5 Kg7 45.c4 Be6 46.c5 Kf6 47.Nf3 Bd5 48.Ng5 Bb3 49.Ke2 Ke7 50.Kd3 Bd1
51.Kc3 Be2 52.Kb4 Kf6 53.Ka5 Bc4 54.Kb6 Ba6 55.Nf3 Ke6 56.Ne5 Kd5 57.Nxg6 Kc4
58.Nf4 Kb3 59.Nxh5 Kxa3 60.Nf6 Kb4 61.h5 a3 62.h6 a2 63.h7 a1=Q 64.h8=Q Qa5+
65.Ka7 Bc4+ 66.Kb8 b5 67.Nd7 Ka3 68.Nb6 Qc3 69.Qe5 b4 70.Nxc4+ Qxc4 71.Qxf5 b3
72.Kc7 b2 73.Kxc6 Qa6+ 74.Kc7 Qa7+ 75.Kc8 Qa8+ 76.Kc7 Ka2 77.Qc2 Qa5+  0-1

[Event "Wch U20 Girls"]
[Site "Yerevan"]
[Date "1999.09.19"]
[Round "2"]
[White "Slavina, Irina"]
[Black "Nill, Jessica"]
[Result "1/2-1/2"]
[WhiteElo "2295"]
[BlackElo "2168"]

1.Nf3 d5 2.c4 c6 3.b3 Bf5 4.g3 e6 5.Bb2 Nf6 6.Bg2 h6 7.O-O Be7 8.d3 O-O 9.Nbd2 Nbd7
10.a3 a5 11.Qc2 Re8 12.Bc3 Bf8 13.Qb2 Qe7 14.Rfe1 Bh7 15.Ne5 Nxe5 16.Bxe5 Nd7
17.Bc3 Red8 18.d4 b5 19.c5 Nf6 20.b4 axb4 21.axb4 Qb7 22.Nb3 Rxa1 23.Rxa1 Ra8
24.Na5 Qc7 25.Bd2 Be7 26.Ra3 Nd7 27.Bf4 Qc8 28.Qa1 Kh8 29.h4 Bf5 30.Ra2 Nf6
31.Bf3 Be4 32.Nb3 Rxa2 33.Qxa2 Bxf3 34.exf3 Nh5 35.Be5 f6 36.Bd6 Bxd6 37.cxd6 Qd8
38.Nc5 Qxd6 39.Qa8+ Kh7 40.Qe8 Nxg3 41.Nxe6 Nh5 42.Nf8+ Kg8 43.Ng6+ Kh7 44.f4 Nxf4
45.Nf8+ Kg8 46.Nd7+ Kh7 47.Nf8+ Kg8 48.Ne6+ Kh7 49.Nf8+  1/2-1/2

[Event "Najdorf mem op"]
[Site "Buenos Aires"]
[Date "1999.09.28"]
[Round "7"]
[White "Dolezal, Cristian"]
[Black "Julia, Ernesto"]
[Result "1-0"]
[WhiteElo "2282"]
[BlackElo "2374"]

1.Nf3 d5 2.c4 c6 3.b3 Nf6 4.g3 Bf5 5.Bg2 e6 6.O-O h6 7.d3 Nbd7 8.Nbd2 Be7
9.Bb2 O-O 10.Rc1 Re8 11.Rc2 Bh7 12.Qa1 Bf8 13.Rd1 Qb6 14.Bd4 c5 15.Bxf6 Nxf6
16.Nb1 d4 17.Nbd2 e5 18.Ne1 a5 19.e4 dxe3 20.fxe3 Ng4 21.Nf1 f5 22.h3 Nf6
23.Rf2 e4 24.dxe4 Nxe4 25.Bxe4 Rxe4 26.Rd7 f4 27.Rxf4 Rxf4 28.exf4 Qe6 29.Qd1 Be4
30.g4 Bc6 31.Rd2 a4 32.Qe2 Qf6 33.Qe5 Qh4 34.Qe6+ Kh8 35.Qe3 axb3 36.axb3 Re8
37.Ng2 Qf6 38.Qd3 Bxg2 39.Kxg2 Qxf4 40.Re2 Rxe2+ 41.Qxe2 Bd6 42.Qf3 Qe5 43.Qxb7 Qe2+
44.Kg1 Qe8 45.Qd5 Qe7 46.Qf3 Qe5 47.Qe3 Qf6 48.Qe8+ Kh7 49.Qe4+ Kh8 50.Ne3 Qa1+
51.Kg2 Qb2+ 52.Qc2 Qe5 53.Nf1 Qd4 54.Qe2 Be5 55.Qe3 Qb2+ 56.Qf2 Qc3 57.Qf8+ Kh7
58.Qxc5 Bd4 59.Qf5+ Kh8 60.Qf8+ Kh7 61.Qf3  1-0

[Event "Wch U20 Girls"]
[Site "Yerevan"]
[Date "1999.09.28"]
[Round "11"]
[White "Slavina, Irina"]
[Black "Mkrtchan, Lilit"]
[Result "1/2-1/2"]
[WhiteElo "2295"]
[BlackElo "2295"]

1.Nf3 d5 2.c4 e6 3.b3 Nf6 4.Bb2 Bd6 5.g3 O-O 6.Bg2 Nbd7 7.O-O c6 8.d3 a5
9.a3 Qe7 10.Nc3 dxc4 11.bxc4 e5 12.Na4 Rb8 13.c5 Bxc5 14.Nxc5 Qxc5 15.Qa4 Ra8
16.Rac1 Qe7 17.Qh4 Re8 18.Bh3 c5 19.a4 b6 20.Bf5 Bb7 21.Nd2 Rad8 22.Nc4 Bc6
23.Ra1 Bd5 24.Rab1 Be6 25.Bxe6 Qxe6 26.e4 Rb8 27.Bc3 h6 28.f4 exf4 29.Qxf4 Rf8
30.Rf2 Ng4 31.Rff1 f6 32.Qf5 Rfe8 33.Qxe6+ Rxe6 34.Rb3 Rc8 35.Rfb1 Rcc6 36.h3  1/2-1/2

[Event "Wch U20 Girls"]
[Site "Yerevan"]
[Date "1999.09.29"]
[Round "12"]
[White "Stajic, Snezana"]
[Black "Sorokina, Anastasia"]
[Result "0-1"]
[WhiteElo "2078"]
[BlackElo "2162"]

1.Nf3 d5 2.c4 Nf6 3.g3 dxc4 4.Qa4+ Nc6 5.Qxc4 h6 6.Bg2 e5 7.d3 Be6 8.Qa4 Bb4+
9.Bd2 Bxd2+ 10.Nbxd2 O-O 11.O-O Nd5 12.Ne4 Nb6 13.Qc2 Bg4 14.Ned2 Qd7 15.Nb3 Rad8
16.Rfd1 Rfe8 17.d4 Nb4 18.Qd2 Qb5 19.Rdc1 Nxa2 20.Rxa2 Qxb3 21.Rxa7 e4 22.Ne1 Nc4
23.Qc3 Qxc3 24.bxc3 Bxe2 25.Rxb7 c5 26.Bf1 Bxf1 27.Kxf1 cxd4 28.cxd4 Rxd4
29.Ng2 Red8 30.Ne3 Nxe3+ 31.fxe3 Rd2 32.h4 Rh2 33.Kg1 Re2 34.Rf1 f6 35.Rf2 Rxe3
36.g4 Rd1+ 37.Kg2 Ree1 38.Rc2 Rg1+ 39.Kf2 Rxg4 40.h5 Rh1 41.Rc5 Rg5 42.Rbb5 Rhxh5  0-1

[Event "World Cities-ch 2nd"]
[Site "Shenyang"]
[Date "1999.10.06"]
[Round "4"]
[White "Bruneliere, P."]
[Black "Gschwendtner, Klaus"]
[Result "1/2-1/2"]
[WhiteElo "2265"]
[BlackElo "2144"]

1.Nf3 d5 2.c4 e6 3.g3 c5 4.Bg2 Nc6 5.O-O Nf6 6.b3 d4 7.e3 e5 8.exd4 exd4
9.d3 Be7 10.Na3 O-O 11.Nc2 h6 12.a3 a5 13.Rb1 Bf5 14.Qd2 Qd7 15.Bb2 Ng4 16.Rfe1 Bf6
17.Re2 Nge5 18.Nce1 Rfe8 19.Nxe5 Nxe5 20.Rd1 Re7 21.Qc2 Rae8 22.Be4 Bg4 23.f3 Bh5
24.Kg2 Bg5 25.Bc1 Bxc1 26.Rxc1 b6 27.Qd1 Kh8 28.Rcc2 f5 29.Bd5 Bf7 30.Bxf7 Nxf7
31.Kf2 Ne5 32.h3 f4 33.g4 Qc6 34.Re4 Ng6 35.a4 Rxe4 36.dxe4 Qf6 37.Ng2 Ne5
38.Qd2 g5 39.Ne1 Kg7 40.Nd3 Rh8 41.h4 Nxd3+ 42.Qxd3 gxh4 43.Kg1 h5 44.g5 Qe5
45.Kh2 Kf7  1/2-1/2

[Event "World Cities-ch 2nd"]
[Site "Shenyang"]
[Date "1999.10.07"]
[Round "6"]
[White "Li Wenjun"]
[Black "Watai, Miyoko"]
[Result "1-0"]
[WhiteElo "2342"]
[BlackElo "2039"]

1.Nf3 d5 2.c4 c6 3.b3 Nf6 4.Bb2 Bf5 5.e3 h6 6.Be2 e6 7.O-O Bd6 8.d4 O-O 9.Bd3 Be4
10.Nc3 Bxd3 11.Qxd3 Nbd7 12.Rfd1 Re8 13.Rd2 Be7 14.Rad1 Qc7 15.a3 Rad8 16.h3 a6
17.Rc2 Qb8 18.a4 Bd6 19.Qe2 Be7 20.Rb1 Bd6 21.Ba1 a5 22.Rd1 Be7 23.Bb2 Bf8
24.Rcc1 Be7 25.Qc2 Bf8 26.Qb1 Be7 27.Qa1 Bf8 28.Ba3 Bxa3 29.Qxa3 Nf8 30.Rb1 Qc7
31.Rdc1 Ng6 32.cxd5 exd5 33.b4 axb4 34.Qxb4 Re7 35.Rb2 Rdd7 36.Rcb1 Ne4 37.Nxe4 dxe4
38.Nd2 f5 39.Qc5 Rd5 40.Rxb7 Rxc5 41.Rxc7 Rc2 42.Rxe7 Nxe7 43.Nb3 Nd5 44.a5 Nc3
45.Ra1 Nb5 46.a6 Na7 47.Nc5 Rb2 48.g4 g6 49.gxf5 gxf5 50.Kg2 Kf7 51.Kg3 Kf6
52.Ra3 h5 53.Rb3 Ra2 54.Rb7 Nb5 55.Rb6 Na7 56.h4 Ra1 57.Rb1 Ra2 58.Rb8 Nb5
59.Rf8+ Kg6 60.Rg8+  1-0

[Event "BCF-chT 99/00 (4NCL)"]
[Site "Birmingham"]
[Date "1999.10.09"]
[Round "1"]
[White "Plaskett, Jim"]
[Black "Parker, Jonathan"]
[Result "1/2-1/2"]
[WhiteElo "2513"]
[BlackElo "2523"]

1.Nf3 d5 2.c4 e6 3.b3 Nf6 4.Bb2 Be7 5.g3 O-O 6.Bg2 b6 7.O-O Bb7 8.e3 Nbd7
9.Qe2 a5 10.Nc3 a4 11.d4 a3 12.Bc1 Bb4 13.Bd2 Qe7 14.Rac1 Rac8 15.Rfd1 Rfd8
16.Ne5 c6 17.Nxd7 Nxd7 18.e4 dxe4 19.Nxe4 Bxd2 20.Rxd2 c5 21.Rcd1 cxd4 22.Rxd4 Bxe4
23.Qxe4 Nf6 24.Qd3 Rxd4 25.Qxd4 Qa7 26.Qd6 h6 27.Kf1 Nh7 28.Qd7 Qb8 29.Qa4 Rd8
30.Rxd8+ Qxd8 31.Qa8 Qxa8 32.Bxa8 Kf8 33.Ke2 Ke7 34.Kd3 e5 35.Kc3 f5 36.Kb4 Kd6
37.Kxa3 Nf6 38.Bf3 g5 39.Kb4 f4 40.gxf4 gxf4 41.Be2 e4 42.f3 e3 43.Kb5 Kc7
44.c5 Nh5 45.cxb6+ Kb8 46.Kc4 Ng3 47.Bd3 e2 48.Bxe2 Nxe2 49.Kd3 Nc1+ 50.Ke4 Nxa2
51.Kxf4 Nc1 52.Kf5 Nxb3 53.Kg6 Nd4 54.f4 Kb7 55.Kxh6 Kxb6 56.h4 Kc6 57.h5 Kd7
58.Kg6 Ke7 59.h6 Ne6 60.f5 Nf8+ 61.Kg7 Ke8 62.Kg8 Nd7  1/2-1/2

[Event "Asia-chT"]
[Site "Shenyang"]
[Date "1999.10.13"]
[Round "5"]
[White "Wong Meng Kong"]
[Black "Nazarov, Anvar"]
[Result "1-0"]
[WhiteElo "2485"]
[BlackElo "2493"]

1.Nf3 d5 2.c4 e6 3.e3 Nf6 4.b3 c6 5.Bb2 Nbd7 6.Be2 Bd6 7.O-O O-O 8.d4 Ne4
9.Ne5 f6 10.Nxd7 Bxd7 11.f3 Ng5 12.Nc3 f5 13.f4 Nf7 14.c5 Bc7 15.b4 g5 16.g3 Kh8
17.Bh5 Nh6 18.Bf3 Rg8 19.Ne2 g4 20.Bg2 Rg6 21.Kf2 Ng8 22.Rh1 Nf6 23.Nc1 Kg7
24.Nd3 h6 25.Ne5 Bxe5 26.dxe5 Ng8 27.h3 gxh3 28.Rxh3 Kf8 29.Bf3 Qe7 30.a4 Rg7
31.Qd3 Ke8 32.Rhh1 Kd8 33.Be2 Kc7 34.b5 Rd8 35.b6+ Kb8 36.bxa7+ Ka8 37.Qd4 Bc8
38.Bc3 Rd7 39.Ba5 Rh7 40.Bb6 Qf8 41.Rh3 Rdg7 42.Rah1 Ne7 43.Bc7 Ng6 44.Bd6 Qg8
45.Qb4 Nh8 46.Qb6 Rd7 47.Rxh6 Rxh6 48.Rxh6 Nf7 49.Rh4 Nxd6 50.cxd6 Rg7 51.Rh3 Rh7
52.Rxh7 Qxh7 53.Kg2 Qf7 54.a5 Qe8 55.a6 Qd7 56.axb7+  1-0

[Event "AUT2W-chT"]
[Site "Hohenems"]
[Date "1999.10.15"]
[Round "1.1"]
[White "Novkovic, Milan"]
[Black "Schmidlechner, Alexander"]
[Result "1-0"]
[WhiteElo "2412"]
[BlackElo "2226"]

1.Nf3 d5 2.c4 c6 3.e3 Bg4 4.Nc3 e6 5.d4 Nf6 6.Be2 Nbd7 7.O-O Be7 8.b3 O-O
9.Bb2 Ne4 10.Nxe4 dxe4 11.Nd2 Bxe2 12.Qxe2 f5 13.f3 exf3 14.Rxf3 Nf6 15.e4 Qd7
16.e5 Ng4 17.h3 Nh6 18.Rd3 Rad8 19.Rd1 Qc7 20.Nf3 Rd7 21.d5 cxd5 22.cxd5 Rxd5
23.Rxd5 exd5 24.Rxd5 Rd8 25.Rxd8+ Qxd8 26.Qc4+ Nf7 27.Nd4 g6 28.Nf3 Qa5 29.Bd4 Qxa2
30.Qc7 Qa3 31.e6  1-0

[Event "AUT2W-chT"]
[Site "Kufstein"]
[Date "1999.10.15"]
[Round "1.1"]
[White "Dizdar, Goran"]
[Black "Acs, Peter"]
[Result "1-0"]
[WhiteElo "2563"]
[BlackElo "2534"]

1.Nf3 d5 2.c4 c6 3.d4 Nf6 4.Nc3 dxc4 5.a4 Bf5 6.Nh4 Bg6 7.Nxg6 hxg6 8.e4 e5
9.Be3 Nbd7 10.Bxc4 Bd6 11.dxe5 Bxe5 12.Qb3 O-O 13.f3 Qc7 14.g3 Rad8 15.Kf1 Qa5
16.Kg2 g5 17.Rhd1 g6 18.Ne2 Kg7 19.Bd2 Qb6 20.Bxg5 Qxb3 21.Bxb3 Nc5 22.Bc2 Rxd1
23.Rxd1 Bxb2 24.Rb1 Be5 25.Be3 b6 26.f4 Bc7 27.Kf3 Ncd7 28.Nd4 c5 29.Nc6 a6
30.Bd3 Re8 31.Rd1 Re6 32.Na7 Bb8 33.Nc8 b5 34.axb5 Re8 35.e5 Bxe5 36.bxa6 Rxc8
37.fxe5 Nxe5+ 38.Ke2 Nd5 39.Ra1 Nxd3 40.Kxd3 c4+ 41.Ke4 Nxe3 42.Kxe3 c3 43.a7 c2
44.Kd2 Kf6 45.Kc1 Ra8 46.Kxc2 Kg5 47.Kd3 Kg4 48.Kd4 g5 49.Ke5 Kh3 50.Ra2 f6+
51.Kf5 g4 52.Ra3 Kxh2 53.Kxg4  1-0

[Event "GRE-GER m"]
[Site "Corfu"]
[Date "1999.10.16"]
[Round "5"]
[White "Nikolaidis, Ioannis"]
[Black "Lutz, Christopher"]
[Result "1/2-1/2"]
[WhiteElo "2505"]
[BlackElo "2591"]

1.Nf3 d5 2.c4 e6 3.d4 Nf6 4.Nc3 Be7 5.Qc2 O-O 6.Bg5 h6 7.Bxf6 Bxf6 8.Rd1 c5
9.cxd5 cxd4 10.Nxd4 exd5 11.e3 Bxd4 12.exd4 Qg5 13.f3 Re8+ 14.Kf2 Qe3+ 15.Kg3 Qg5+
16.Kf2 Qe3+  1/2-1/2

[Event "Wichern op 5th"]
[Site "Hamburg"]
[Date "1999.10.17"]
[Round "3"]
[White "Dunsbach, Ralf"]
[Black "Nixdorf, Andre"]
[Result "1/2-1/2"]
[WhiteElo "2234"]
[BlackElo "2019"]

1.Nf3 d5 2.c4 c6 3.d4 Nf6 4.e3 Bf5 5.Nc3 e6 6.Be2 h6 7.O-O Be7 8.Ne5 Nbd7
9.Bd2 Nxe5 10.dxe5 Nd7 11.f4 dxc4 12.e4 Bh7 13.Bxc4 b5 14.Bb3 Nc5 15.Bc2 Qd4+
16.Kh1 Rd8 17.Be1 Qxd1 18.Bxd1 Nd3 19.Bf3 Nxf4 20.Bf2 Rd7 21.Rad1 Nd3 22.Bxa7 Nxe5
23.Rxd7 Kxd7 24.Bh5 f6 25.Rd1+ Kc7 26.Bd4 Bd6 27.Rc1 Kd7 28.Rd1 Ke7 29.Bf3 Ra8
30.a3 Rb8 31.Ne2 g5 32.h3 Bg6 33.Bc3 h5 34.Rd2 Rg8 35.Bxe5 Bxe5 36.Nd4 Bxd4
37.Rxd4 e5 38.Rd2 Rd8 39.Rc2 Rd6 40.Kg1 Kd7 41.Kf2 Rd4 42.Re2 Rd3 43.Rc2 Kd6
44.g3 Rd4 45.Ke3 c5 46.Rc3 Be8 47.Be2 Bd7 48.h4 g4 49.Bd3 Bc6 50.Rc1 Be8
51.Rf1 Ke6 52.Rc1 Kd6 53.Rf1 Ke7 54.Rc1 c4 55.Bb1 Bf7 56.Bc2 Rd6 57.Rf1 Kd7
58.Rf2 Kc6 59.Rd2 Rxd2 60.Kxd2 Kc5 61.Kc3 Bg6 62.Bb1 Be8 63.Bc2 Bc6 64.Bb1 Be8  1/2-1/2

[Event "Wichern op 5th"]
[Site "Hamburg"]
[Date "1999.10.18"]
[Round "5"]
[White "Dunsbach, Ralf"]
[Black "Dinckel, Joerg"]
[Result "1-0"]
[WhiteElo "2234"]
[BlackElo "2133"]

1.Nf3 d5 2.c4 c6 3.b3 Nf6 4.g3 Bf5 5.Bg2 e6 6.O-O Be7 7.Bb2 h6 8.d3 O-O 9.Nbd2 a5
10.a3 Na6 11.Qc2 Bh7 12.Ne5 Nd7 13.Nxd7 Qxd7 14.Bc3 Nc7 15.Qb2 Ne8 16.b4 b6
17.bxa5 bxa5 18.Rfb1 Bf6 19.Bxf6 Nxf6 20.Qe5 Qa7 21.h3 Bg6 22.Qd6 Rac8 23.Ra2 Rfd8
24.Qe5 Nd7 25.Qc3 Rb8 26.Rab2 Rxb2 27.Rxb2 a4 28.Rb4 Rb8 29.Nf3 Rxb4 30.Qxb4 c5
31.Qb5 dxc4 32.Qxc4 e5 33.Nh4 Kh7 34.Nxg6 fxg6 35.Bc6 Nf6 36.Qxa4 Qb8 37.Qb5 Qd6
38.a4 Qd4 39.Qc4 Qa1+ 40.Kg2 Qe1 41.e3  1-0

[Event "Wichern op 5th"]
[Site "Hamburg"]
[Date "1999.10.20"]
[Round "7"]
[White "Wronn, Bernd"]
[Black "Reddmann, Hauke"]
[Result "0-1"]
[WhiteElo "2157"]
[BlackElo "2357"]

1.Nf3 d5 2.c4 c6 3.b3 Bg4 4.Bb2 Bxf3 5.exf3 e6 6.Be2 Nf6 7.f4 Nbd7 8.O-O Bd6
9.g3 O-O 10.d3 Re8 11.Nd2 e5 12.fxe5 Bxe5 13.d4 Bc7 14.Re1 Nf8 15.Qc2 Qd7
16.Bd3 Qh3 17.Nf3 Ng6 18.Ne5 Nxe5 19.dxe5 Ng4 20.f4 Bb6+ 21.c5 Bxc5+  0-1

[Event "Wichern op 5th"]
[Site "Hamburg"]
[Date "1999.10.20"]
[Round "7"]
[White "Matamoros Franco, Carlos S"]
[Black "Giorgadze, Giorgi"]
[Result "1/2-1/2"]
[WhiteElo "2462"]
[BlackElo "2602"]

1.Nf3 d5 2.c4 e6 3.g3 g6 4.Bg2 Bg7 5.O-O Ne7 6.d4 Nbc6 7.e3 O-O 8.Nbd2 a5
9.b3 Nb4 10.Bb2 c5 11.Qb1 cxd4  1/2-1/2

[Event "Wichern op 5th"]
[Site "Hamburg"]
[Date "1999.10.21"]
[Round "8"]
[White "Kaye, Ferdinand"]
[Black "Urbanek, Paul Gerhard"]
[Result "1-0"]
[WhiteElo "2091"]
[BlackElo "1902"]

1.Nf3 d5 2.c4 dxc4 3.e3 Nf6 4.Bxc4 e6 5.O-O Be7 6.d4 O-O 7.Nc3 Bd7 8.Qe2 Bc6
9.e4 Bb4 10.Bd3 h6 11.a3 Bxc3 12.bxc3 Re8 13.Re1 Nbd7 14.Bc2 Nf8 15.Ne5 Bd7
16.Nxd7 Qxd7 17.e5 N6h7 18.Qg4 Kh8 19.Re3 f5 20.exf6 Nxf6 21.Qh4 Re7 22.Re5 Rd8
23.Bxh6 gxh6 24.Qxf6+ Rg7 25.Qxh6+ Kg8 26.Rg5 Rxg5 27.Qxg5+ Kh8 28.Re1 Re8
29.Re3 Re7 30.Rh3+ Nh7 31.Qf6+ Kg8 32.Rg3+ Rg7 33.Rxg7+ Qxg7 34.Qxe6+ Kh8
35.Qc8+ Nf8 36.Qh3+ Kg8 37.Bb3+  1-0

[Event "Bayern-ch Bank Hofmann 3rd"]
[Site "Bad Wiessee"]
[Date "1999.10.23"]
[Round "?"]
[White "Ter Minasjan, Dmitry"]
[Black "Rustemov, Alexander"]
[Result "0-1"]
[WhiteElo "2292"]
[BlackElo "2573"]

1.Nf3 d5 2.c4 d4 3.d3 g6 4.g3 Bg7 5.Bg2 e5 6.O-O Ne7 7.Nbd2 a5 8.b3 O-O 9.Rb1 Na6
10.a3 c5 11.Ne1 Nc6 12.Nc2 Bg4 13.Re1 Qd7 14.Nf1 Rfe8 15.Bd2 e4 16.Bxe4 Rxe4
17.dxe4 d3 18.Nce3 dxe2 19.Rxe2 Bf3 20.g4 Nd4 21.Ng3 Nxe2+ 22.Nxe2 Rd8 23.Bxa5 Qxd1+
24.Nxd1 b6 25.Bxb6 Rb8 26.Ndc3 Rxb6 27.h3 Rd6 28.b4 Rd3 29.b5 Nb8 30.Rc1 Bxe2
31.Nxe2 Rxa3 32.Rd1 Ra1 33.Rxa1 Bxa1 34.Nc1 Nd7 35.Nb3 Bc3 36.Kf1 g5 37.Ke2 Bb4
38.Nc1 Ba3 39.Nb3 Kg7 40.Na5 Kf6 41.Ke3 Bc1+ 42.Kd3 Bf4 43.Nb7 Bc7 44.Kd2 Ke6  0-1

[Event "Chigorin mem"]
[Site "St Petersburg"]
[Date "1999.11.03"]
[Round "2"]
[White "Mishchenko, Victor"]
[Black "Alavkin, Arseny"]
[Result "1/2-1/2"]
[WhiteElo "2254"]
[BlackElo "2434"]

1.Nf3 d5 2.c4 c6 3.g3 dxc4 4.Na3 b5 5.Bg2 e6 6.b3 cxb3 7.Qxb3 Nf6 8.Bb2 a6
9.Ne5 Nd5 10.Rc1 c5 11.O-O Be7 12.e4 Nb4 13.d4 c4 14.Naxc4 bxc4 15.Rxc4 a5
16.Rfc1 Ba6 17.Qa4+ Kf8 18.Rc7 f6 19.Qb3 fxe5 20.Qf3+ Ke8 21.Qh5+ Kf8 22.Qf3+ Ke8
23.Qh5+ Kf8  1/2-1/2

[Event "Chigorin mem"]
[Site "St Petersburg"]
[Date "1999.11.06"]
[Round "5"]
[White "Zakharov, Alexander S"]
[Black "Lastin, Alexander"]
[Result "0-1"]
[WhiteElo "2433"]
[BlackElo "2552"]

1.Nf3 d5 2.c4 e6 3.d4 c6 4.Nc3 dxc4 5.e3 b5 6.a4 Bb4 7.Bd2 a5 8.axb5 Bxc3
9.Bxc3 cxb5 10.b3 Bb7 11.bxc4 b4 12.Bb2 Nf6 13.Bd3 O-O 14.O-O Nbd7 15.Qc2 Qc7
16.h3 Qc6 17.Rfe1 Ne4 18.d5 exd5 19.Nd4 Qc7 20.f3 Nef6 21.cxd5 Qxc2 22.Bxc2 Bxd5
23.e4 Bc4 24.e5 Nd5 25.e6 fxe6 26.Nxe6 Rfe8 27.Re4 N5b6 28.Nxg7 Rxe4 29.Bxe4 Bd5
30.Bf5 a4 31.Ne6 a3 32.Bd4 b3 33.Nc7 b2 34.Re1 Ra4  0-1

[Event "Chigorin mem"]
[Site "St Petersburg"]
[Date "1999.11.07"]
[Round "6"]
[White "Mishchenko, Victor"]
[Black "Romanov, Oleg"]
[Result "1/2-1/2"]
[WhiteElo "2254"]
[BlackElo "2381"]

1.Nf3 d5 2.c4 e6 3.b3 Nf6 4.g3 a5 5.Bg2 c6 6.O-O Nbd7 7.Bb2 a4 8.d3 Qb6 9.Nbd2 a3
10.Bc3 Bb4 11.Qc2 c5 12.Bxb4 Qxb4 13.e4 dxe4 14.dxe4 Ng4 15.Rad1 O-O 16.h3 Nge5
17.Nxe5 Nxe5 18.f4 Nc6 19.Nf3 e5 20.Nxe5 Nxe5 21.fxe5 Be6 22.Rf3 Rac8 23.Kh2 h6
24.Bf1 Rfd8 25.Rfd3 Rxd3 26.Qxd3 Qa5 27.Qd2 Qc7 28.Qd6 Qa5 29.Qd2 Qc7 30.Qf4 Rd8
31.Rd6 Qa5 32.Qe3 Rc8 33.Qd2 Qxd2+ 34.Rxd2 Kf8 35.Kg2 Ke7 36.Kf3 Bd7 37.h4 Rd8
38.Ke3 Be6 39.Rxd8 Kxd8 40.Kd3 b5 41.Ke3 Kc7 42.Kd2 Kb6 43.Kc2 b4 44.Be2 Kc7
45.Kd2 Kd7 46.Ke3 g5 47.Kf3 Ke7 48.hxg5 hxg5 49.Ke3 Bh3 50.Bd1 Ke6 51.Bh5 Kxe5
52.Be2 Bg2 53.Bd3 g4 54.Bb1 Bf3 55.Bc2 f6 56.Bd3 Bd1 57.Bb1 Kd6 58.Kd2 Bf3
59.Ke3 Ke6 60.Bc2 Ke5 61.Bd3 Kd6 62.Bc2 Bh1 63.Kf4 Bf3 64.Kf5 Ke7 65.e5 fxe5
66.Kxe5 Kd7 67.Be4 Kc7 68.Bc2 Kb6 69.Kf4 Be2 70.Ke3 Bf3 71.Kd2 Kc6 72.Ke3  1/2-1/2

[Event "FSIM November"]
[Site "Budapest HUN"]
[Date "1999.11.08"]
[Round "3"]
[White "Spielmann,Al"]
[Black "Hu Yi"]
[Result "1-0"]
[WhiteElo "2241"]
[BlackElo "2375"]

1.Nf3 d5 2.c4 e6 3.d4 Nf6 4.Nc3 Nbd7 5.cxd5 exd5 6.Bg5 Be7 7.e3 O-O 8.Bd3 c6
9.Qc2 Re8 10.h3 a5 11.g4 Nf8 12.O-O-O b5 13.Kb1 a4 14.Rc1 Qa5 15.Bxf6 Bxf6
16.g5 Be7 17.Ne5 Bb7 18.Bxh7+ Nxh7 19.g6 fxg6 20.Qxg6 Nf8 21.Qf7+ Kh8 22.Rhg1 Bf6
23.Rxg7 Bxg7 24.Rg1 Ne6 25.Rg6 Kh7 26.Rh6+  1-0

[Event "ESP-chT Div 1"]
[Site "Cala Galdana"]
[Date "1999.11.10"]
[Round "3"]
[White "Joanpera Morales, Antonio"]
[Black "Toledano Llinares, Juan Antonio"]
[Result "1-0"]
[WhiteElo "2370"]
[BlackElo "2383"]

1.Nf3 d5 2.c4 c6 3.b3 Nf6 4.Bb2 g6 5.g3 Bg7 6.Bg2 O-O 7.O-O Nbd7 8.d4 Ne4
9.e3 e6 10.Nfd2 f5 11.Nxe4 fxe4 12.Nc3 e5 13.cxd5 exd4 14.Nxe4 Ne5 15.Bxd4 cxd5
16.Nc3 Be6 17.f4 Nc6 18.Bxg7 Kxg7 19.Nxd5 Bxd5 20.Bxd5 Qb6 21.Qc1 Rfe8 22.Qc3+ Kh6
23.Rfe1 Nb4 24.Bc4 Rac8 25.Kf2 Re4 26.Rad1 Qc5 27.a3 Nc6 28.Rd7 Re7 29.Rd5 Qxa3
30.Qf6 Ne5 31.Rxe5  1-0

[Event "ch-ESP (team) Div 2"]
[Site "Cala Galdana ESP"]
[Date "1999.11.11"]
[Round "4"]
[White "Rue Bullons,J"]
[Black "Gavin Roche,E"]
[Result "0-1"]
[WhiteElo "2146"]
[BlackElo "2198"]

1.Nf3 d5 2.c4 e6 3.e3 Nf6 4.Nc3 Nbd7 5.d4 a6 6.b3 c6 7.Bd3 Bd6 8.O-O O-O
9.Qc2 e5 10.cxd5 cxd5 11.dxe5 Nxe5 12.Nxe5 Bxe5 13.Ba3 Re8 14.Rac1 Bg4 15.h3 Rc8
16.Bb2 Bh5 17.Qb1 d4 18.exd4 Qxd4 19.Na4 Qf4 20.Bxe5 Qxe5 21.Bf5 Bg6 22.Bxg6 hxg6
23.Nb6 Rxc1 24.Qxc1 Qd4 25.Na4 Ne4 26.Qd1 Qf6 27.Qc2 b5 28.Nb2 Nc3 29.Qd2 Re2
30.Qc1 Nxa2 31.Qc8+ Kh7 32.Nd3 Nc3 33.Ne1 Rb2 34.Nf3 Ne2+ 35.Kh1 Rxb3 36.Qg4 Kh6
37.Nh2 Rb2 38.h4 Qf5 39.Ra1 a5 40.Qxf5 gxf5 41.g4 a4 42.gxf5 Nc3 43.Ng4+ Kh5
44.f6 gxf6  0-1

[Event "SLO-chT"]
[Site "Bled"]
[Date "1999.11.14"]
[Round "7"]
[White "Mohr, Georg"]
[Black "Petrosian, Arshak B"]
[Result "1/2-1/2"]
[WhiteElo "2483"]
[BlackElo "2514"]

1.Nf3 d5 2.c4 e6 3.g3 dxc4 4.Qa4+ Nd7 5.Bg2 a6 6.Qxc4 b5 7.Qc2 Bb7 8.O-O c5
9.d3 Ngf6 10.Nc3 Bd6 11.a4 Bc6 12.Ng5 Bxg2 13.Kxg2 O-O 14.Qb3 b4 15.Nce4 Be7
16.Kg1 Nd5 17.Nf3 Rc8 18.Ned2 Nb8 19.e4 Nb6 20.Nc4  1/2-1/2

[Event "ch-ESP (team) Div 2"]
[Site "Cala Galdana ESP"]
[Date "1999.11.14"]
[Round "7"]
[White "Moreno Sanchis,JA"]
[Black "Valles Moreno,I"]
[Result "1/2-1/2"]
[WhiteElo "2316"]
[BlackElo "2175"]

1.Nf3 d5 2.c4 e6 3.g3 c5 4.Bg2 Nc6 5.O-O Nf6 6.cxd5 exd5 7.d4 Be7 8.Nc3 O-O
9.Bg5 cxd4 10.Nxd4 h6 11.Be3 Be6 12.Rc1 Qd7 13.Re1 Rfe8 14.a3 Bh3 15.Nxc6 bxc6
16.Na4 Bxg2 17.Kxg2 Ne4 18.f3 Bg5 19.Nc5 Nxc5 20.Bxg5 hxg5 21.Rxc5 Re6 22.Qd4 Rae8
23.e3 Rh6 24.Rh1 Qh3+ 25.Kf2 Rf6 26.Rc3 Qf5 27.Qd1 Rb8 28.b3 Qe5 29.Qd4 Qf5
30.Qd1 Qe5 31.Qd4  1/2-1/2

[Event "V Open"]
[Site "Lisbon POR"]
[Date "1999.11.15"]
[Round "3"]
[White "Strikovic,A"]
[Black "Lautier,D"]
[Result "1-0"]
[WhiteElo "2518"]
[BlackElo "2159"]

1.Nf3 d5 2.c4 d4 3.b4 g6 4.e3 dxe3 5.fxe3 Bg7 6.d4 Nf6 7.Nc3 O-O 8.Be2 Nbd7
9.O-O b6 10.Qc2 a5 11.b5 Bh6 12.e4 Bxc1 13.Qxc1 e5 14.dxe5 Nxe5 15.Nd5 Nxf3+
16.Bxf3 c6 17.bxc6 Re8 18.Qb2  1-0

[Event "Extraliga CZE"]
[Site "Ostrava CZE"]
[Date "1999.11.21"]
[Round "4"]
[White "Borik,O"]
[Black "Antoshik,A"]
[Result "1-0"]
[WhiteElo "2416"]
[BlackElo "2230"]

1.Nf3 d5 2.c4 e6 3.d4 c5 4.cxd5 exd5 5.g3 Nf6 6.Bg2 Be7 7.O-O O-O 8.Nc3 Nc6
9.dxc5 Bxc5 10.Bg5 d4 11.Bxf6 Qxf6 12.Ne4 Qe7 13.Nxc5 Qxc5 14.Qd2 Rd8 15.Rfd1 Bf5
16.Ne1 Qe7 17.Qf4 Qe5 18.Qxe5 Nxe5 19.Rac1 Rd7 20.Rc5 Re8 21.h3 b6 22.Rb5 Rd6
23.f4 Nc4 24.Rxf5 Rxe2 25.Bf1  1-0

[Event "Match"]
[Site "Cannes FRA"]
[Date "1999.11.23"]
[Round "10"]
[White "Tkachiev,V"]
[Black "Van der Wiel,J"]
[Result "1/2-1/2"]
[WhiteElo "2648"]
[BlackElo "2544"]

1.Nf3 d5 2.c4 c6 3.d4 Nf6 4.e3 Bf5 5.Bd3 e6 6.O-O Be7 7.Nc3 O-O 8.Bxf5 exf5
9.Qb3 Qb6 10.Qxb6 axb6 11.cxd5 Nxd5 12.Nxd5 cxd5 13.Bd2 Bd6 14.a3 Nd7 15.Rfc1 Rfc8
16.Ne1  1/2-1/2